000 00378nam a2200133Ia 4500
008 231017s9999 xx 000 0 und d
082 _a690.083
082 _bCLY
245 0 _aDynamic and resilient modulus of Mn/DOT Asphalt mixtures
245 0 _cMinnesota Department of Transportation
260 _bMinnesota Department of Transportation
300 _c30cm
942 _cREP
999 _c606725
_d606725